| 000 | 00850nam a2200229 4500 | ||
|---|---|---|---|
| 001 | 11053 | ||
| 003 | ES-MaACL | ||
| 005 | 20250824233320.0 | ||
| 007 | t| | ||
| 008 | 910711s1989 sp a |||| |dspa j | ||
| 020 | _a84-7483-577-1 | ||
| 080 | _a75.056:087.5(460) | ||
| 245 | 0 | 0 |
_aA todo color _b: 23 ilustradores españoles de libros para niños y jóvenes = In full color : 23 illustrators of children's books from Spain. |
| 246 | 3 | 1 |
_aIn full color _b: 23 illustrators of children's books from Spain |
| 260 |
_a[Madrid] : _bCentro del Libro y de la Lectura, _c[1989] |
||
| 300 |
_a65 p : _bil. col. y n ; _c33 cm. |
||
| 546 | _aTexto en español e inglés. | ||
| 650 | 1 | 4 |
_aIlustradores infantiles- _zEspaña. _9147795 |
| 710 | 2 |
_aCentro del Libro y de la Lectura (España) _92726 |
|
| 852 |
_aES-MaACL _jL-18426 |
||
| 999 |
_c11053 _d11053 |
||